MARC

LEADER 00000nam0a2200000 4500
001 293961
005 20231102000638.0
020 |a RU  |b 84-24705 
035 |a (RuTPU)RU\TPU\book\319011 
090 |a 293961 
100 |a 20150507d1984 km y0rusy5003 ca 
101 0 |a rus 
102 |a RU 
105 |a a z 001zy 
200 1 |a Обслуживание устройств СЦБ в зимний период  |f М. А. Штульман, В. Д. Фетисов 
210 |a Москва  |c Транспорт  |d 1984 
215 |a 72 с.  |c ил.  |d 20 см 
320 |a Библиогр.: с. 71 
606 1 |a Железнодорожная сигнализация  |x Централизация и блокировка  |x Эксплуатация зимняя  |2 stltpush  |3 (RuTPU)RU\TPU\subj\10385  |9 37468 
610 1 |a организационно-технические мероприятия 
610 1 |a зимние условия 
610 1 |a подготовка 
610 1 |a обслуживание 
610 1 |a зимостойкость 
610 1 |a надежность 
675 |a 656.25  |z rus  |v 4 
700 1 |a Штульман  |b М. А.  |g Моисей Абрамович  |4 070 
701 1 |a Фетисов  |b В. Д.  |g Виктор Данилович  |4 070 
801 0 |a RU  |b RuMRKP  |c 19950704  |g psbo 
801 1 |a RU  |b 63413507  |c 20150507 
801 2 |a RU  |b 63413507  |c 20180507  |g RCR 
942 |c BK